| 000 | 00681cam a22002293a 4500 | ||
|---|---|---|---|
| 001 | 13748 | ||
| 003 | PGUSA | ||
| 005 | 20140828083308.0 | ||
| 008 | 041014s2004||||xxu|||||s|||||000 | eng d | ||
| 040 |
_aPGUSA _beng |
||
| 042 | _adc | ||
| 050 | 4 | _aF001 | |
| 100 | 1 |
_aCoolidge, Calvin, _d1872-1933 |
|
| 245 | 1 | 0 |
_aHave faith in Massachusetts; 2d ed. : _bA Collection of Speeches and Messages _h[electronic resource] / _cCalvin Coolidge |
| 260 |
_bProject Gutenberg, _c2004 |
||
| 506 | _aPublic domain in the USA. | ||
| 516 | _aElectronic text | ||
| 653 | _aMassachusetts | ||
| 830 | 0 |
_aProject Gutenberg _v13748 |
|
| 856 | 4 | 0 | _uhttp://www.gutenberg.org/ebooks/13748 |
| 942 | _cEB | ||
| 999 |
_c243003 _d243003 |
||